000 00561nam a2200229Ia 4500
003 OSt
005 20220924144510.0
006 a|||||r|||| 00| 0
007 ta
008 220923b |||||||| |||| 00| 0 urd d
024 _a315056
037 _cTextual
040 _aARTS
_cARTS
_burd
041 _2urd
_aurd
082 _aO168,1N66x, P8
100 _aRupa Saba
_9217739
245 0 _aRooh ki munder par
260 _c2008
650 _aURDU POETRY
942 _hO168,1N66x, P8
_cTEXL
_2CC
999 _c457255
_d457255